Vanderbilt Football: Top 10 All-Time Leaders - Statistics

General Stats
  • This quiz has been taken 8 times
  • The average score is 11 of 55
Answer Stats
Category # Player Amount % Correct
Passing Yards 9 Diego Pavia 3,862
86%
Passing Yards 2 Jay Cutler 8,697
71%
Receiving Yards 1 Jordan Matthews 3,759
57%
Passing Yards 8 Jordan Rodgers 4,063
57%
Rushing Yards 1 Ralph Webb 4,713
43%
Receiving Yards 4 Earl Bennett 2,852
29%
Interceptions T10 Jimmy Williams 10
29%
Receiving Yards 5 Kalija Lipscomb 2,356
29%
Passing Yards 1 Kyle Shurmur 8,865
29%
Rushing Yards 10 Rodney Williams 1,983
29%
Receiving Yards 7 Will Sheppard 2,067
29%
Rushing Yards 2 Zac Stacy 3,143
29%
Sacks 1 Alan Young 21.5
14%
Tackles 1 Andrew Coleman 458
14%
Receiving Yards 2 Boo Mitchell 2,964
14%
Rushing Yards 4 Carl Woods 2,490
14%
Interceptions T1 Casey Heyward 15
14%
Tackles 3 Chris Gaines 440
14%
Tackles 8 Chris Marve 397
14%
Interceptions T7 Christie Hauck 11
14%
Receiving Yards 9 Chuck Scott 1,946
14%
Receiving Yards 8 Clarence Sevillian 1,978
14%
Interceptions 6 Corey Chavous 12
14%
Passing Yards 10 Damian Allen 3,704
14%
Receiving Yards 3 Dan Stricker 2,880
14%
Tackles 4 DeMond Winston 429
14%
Interceptions T3 D.J. Moore 13
14%
Interceptions T3 Donald Gleisner 13
14%
Interceptions T10 Ed Oaks 10
14%
Passing Yards 6 Eric Jones 5,029
14%
Rushing Yards 3 Frank Mordica 2,632
14%
Passing Yards 3 Greg Zolman 7,981
14%
Tackles 5 Jamie Duncan 425
14%
Rushing Yards 6 Jamie O'Rourke 2,196
14%
Rushing Yards 8 Jared McGrath 2,121
14%
Rushing Yards 7 Jermaine Johnson 2,156
14%
Tackles 2 Joe Staley 457
14%
Passing Yards 7 Ken Seals 4,292
14%
Interceptions T3 Ken Stone 13
14%
Rushing Yards 5 Ke'Shawn Vaughn 2,272
14%
Passing Yards 5 Kurt Page 6,233
14%
Interceptions T1 Leonard Coleman 15
14%
Rushing Yards 9 Lonnie Sadler 2,096
14%
Tackles 6 Manuel Young 421
14%
Interceptions T7 Manuel Young 11
14%
Receiving Yards 6 Martin Cox 2,275
14%
Tackles 9 Moses Osemwegie 391
14%
Interceptions T10 Myron Lewis 10
14%
Interceptions T10 Neal Smith 10
14%
Interceptions T7 Reshard Langford 11
14%
Interceptions T10 Robert Davis 10
14%
Tackles 10 Shelton Quarles 388
14%
Tackles 7 Tom Galbierz 413
14%
Receiving Yards 10 Trent Sherfield 1,869
14%
Passing Yards 4 Whit Taylor 6,307
14%
No matching quizzes found
Score Distribution
Percent of People with Each Score
Percentile by Number Answered
Your Score History
You have not taken this quiz